El principito / (Registro nro. 3496)

Detalles MARC
000 -LEADER
fixed length control field 01140nam a2200277Ia 4500
003 - CONTROL NUMBER IDENTIFIER
control field OSt
005 - DATE AND TIME OF LATEST TRANSACTION
control field 20221012155346.0
008 - FIXED-LENGTH DATA ELEMENTS--GENERAL INFORMATION
fixed length control field 191128s2013 ck a br 000 1 spa d
020 ## - INTERNATIONAL STANDARD BOOK NUMBER
International Standard Book Number 9789583002588
040 ## - CATALOGING SOURCE
Original cataloging agency CO-JMCR
Transcribing agency CO-JMCR
041 ## - LANGUAGE CODE
Language code of text/sound track or separate title spa
082 04 - DEWEY DECIMAL CLASSIFICATION NUMBER
Classification number N /
Edition number SAIp
100 ## - MAIN ENTRY--PERSONAL NAME
Personal name Saint-Exupéry, Antoine de,
Dates associated with a name 1900-1944,
Relator term autor
9 (RLIN) 37173
245 #0 - TITLE STATEMENT
Title El principito /
Statement of responsibility, etc. Antoine de Saint-Exupéry; traducción Lirca Vallés
250 ## - EDITION STATEMENT
Edition statement Primera edición
260 ## - PUBLICATION, DISTRIBUTION, ETC.
Place of publication, distribution, etc. Bogotá :
Name of publisher, distributor, etc. Panamericana,
Date of publication, distribution, etc. 1996
300 ## - PHYSICAL DESCRIPTION
Extent 87 páginas :
Other physical details ilustraciones a color ;
Dimensions 23 cm
440 ## - SERIES STATEMENT/ADDED ENTRY--TITLE
Title Corcel
9 (RLIN) 1466
500 ## - GENERAL NOTE
General note Ilustraciones del autor.
520 ## - SUMMARY, ETC.
Summary, etc. Observen bien este paisaje para que puedan estar seguros de reconocerlo… Y si pueden llegar hasta allí, les ruego que no se apuren; esperen un poco, exactamente debajo de la estrella. Si un niño se les acerca entonces, si síe, si tienes de oro los cabello
534 ## - ORIGINAL VERSION NOTE
Introductory phrase Le petit prince
546 ## - LANGUAGE NOTE
Language note spa
650 ## - SUBJECT ADDED ENTRY--TOPICAL TERM
Topical term or geographic name entry element Cuentos infantiles ; Literatura infantil francesa ; Libros y lecturas para niños--
9 (RLIN) 1467
799 ## - LOCAL ADDED ENTRY--UNIFORM TITLE (RLIN)
Uniform title Vallés, Lirca, traductora
942 ## - ADDED ENTRY ELEMENTS (KOHA)
Source of classification or shelving scheme Dewey Decimal Classification
Koha item type Books
Existencias
Withdrawn status Lost status Source of classification or shelving scheme Damaged status Not for loan Home library Current library Date acquired Total Checkouts Total Renewals Full call number Barcode Date last seen Date last checked out Copy number Price effective from Koha item type Collection code Shelving location Source of acquisition
    Dewey Decimal Classification     Biblioteca Pública José María del Castillo y Rada Biblioteca Pública José María del Castillo y Rada 04/27/2021 31 13 N / SAIp 201807348 03/31/2026 03/31/2026 Ej.1 04/27/2021 Books      
    Dewey Decimal Classification     Biblioteca Pública José María del Castillo y Rada Biblioteca Pública José María del Castillo y Rada 04/27/2021 26 20 N / SAIp 201807409 07/21/2025 07/16/2025 Ej.2 04/27/2021 Books Fiction Children's Area Donación